000 00794nam a22002177a 4500
999 _c4201
_d4201
003 AR-CdUCM
008 190308b ||||| |||| 00| 0 spa d
040 _aMUNICIPALIDAD PROVINCIAL DEL CUSCO
_cBIBLIOTECA MUNICIPAL DEL CUSCO
082 _a791.41 /
_bS21
100 _aSantillana, Antonio
_913309
245 _aEl cine /
260 _aBarcelona :
_bEditorial Bruguera,
_c1962.
300 _a281 páginas ;
_bFotografías,
_c20 cm.
505 _aContenido: Los precursores -- Protohistoria de un arte -- El arte mudo -- El cine sonoro -- La guerra -- La posguerra -- Situación y problemas del cine contemporáneo.
650 _aCinematografía
_95757
650 _aCine francés
_913310
650 _aCine europeo
_913311
650 _aArte
_9561
942 _2ddc
_cLIBROS
945 _adavv